| 000 | 00754pam a2200241 i 4500 | ||
|---|---|---|---|
| 001 | 1826996 | ||
| 003 | Ke-BoTe | ||
| 005 | 20220426102455.0 | ||
| 008 | 800917s1981 paua b 001 0 eng | ||
| 010 | _a 80022659 | ||
| 020 | _a0397542976 | ||
| 040 |
_aDLC _cDLC _dDLC |
||
| 050 | 0 | 0 |
_aRT98 _b.H44 |
| 082 | 0 | 0 |
_a610.73/43 _219 |
| 100 | 1 |
_aHelvie, Carl O. _93567 |
|
| 245 | 1 | 0 |
_aCommunity health nursing, theory and process / _cCarl O. Helvie, with 2 contributions. |
| 260 |
_aPhiladelphia : _bHarper & Row, _cc1981. |
||
| 300 |
_axvii, 332 p. : _bill. ; _c24 cm. |
||
| 504 | _aIncludes bibliographical references and index. | ||
| 650 | 0 |
_aCommunity health nursing. _93369 |
|
| 906 |
_a7 _bcbc _corignew _d1 _eocip _f19 _gy-gencatlg |
||
| 942 |
_2lcc _cBK _n0 |
||
| 999 |
_c1818 _d1818 |
||